000 01697cas a2200505 a 4500
001 data
005 20260322212118.0
008 data
010 _asf 94020511
_z 72626587
019 _a1114936393
_a977526356
_a1013274351
_a1053979681
_a1100289647
_a1114936393
022 _a0085-3917
_2z
023 0 _a0085-3917
_2z
029 1 _aAU@
_b000000929890
035 _a(OCoLC)2264793
040 _aDLC
_beng
_cPIT
_dOCLCQ
_dMUL
_dAIP
_dOCL
_dAIP
_dNST
_dDLC
_dEBZ
_dHUL
_dDLC
_dOCLCQ
_dNLGGC
_dLVB
_dOCLCQ
_dOCLCF
_dOCLCO
_dOCLCQ
_dOCLCO
_dOCL
_dOCLCQ
041 0 _aeng
_aeng
042 _apcc
_apcc
050 0 0 _aCLASSED SEPARATELY
050 1 4 _aB23
_b.N46
210 0 _aNeue Hefte Philos.
222 0 _aNeue Hefte für Philosophie
245 0 0 _aNeue Hefte für Philosophie.
260 _aGöttingen :
_bVandenhoeck & Ruprecht,
_c©1971-©1995.
300 _avolumes ;
_c24 cm
310 _aIrregular
336 _atext
_btxt
_2rdacontent
337 _aunmediated
_bn
_2rdamedia
338 _avolume
_bnc
_2rdacarrier
362 0 _aHeft 1-35.
500 _aTitle from cover.
546 _aChiefly German; some English.
650 0 _aPhilosophy.
650 0 _aPhilosophy
_vPeriodicals.
650 2 _aPhilosophy
650 6 _aPhilosophie
_vPériodiques.
650 6 _aPhilosophie.
650 7 _aphilosophy.
_2aat
650 7 _aPhilosophy.
_2fast
_0(OCoLC)fst01060777
650 1 7 _aFilosofie.
_2gtt
655 7 _aPeriodicals.
_2fast
_0(OCoLC)fst01411641
776 0 8 _iOnline version:
_tNeue Hefte für Philosophie
_w(OCoLC)567938122
776 0 8 _iOnline version:
_tNeue Hefte für Philosophie
_w(OCoLC)607881547
906 _a7
_bcbc
_cserials
_du
_encip
_f19
_gn-oclcserc
999 _c1794
_d1794